Introduction to water quality analyses : a basic
Αποθηκεύτηκε σε:
| Συγγραφή απο Οργανισμό/Αρχή: | |
|---|---|
| Μορφή: | Βιβλίο |
| Γλώσσα: | English |
| Δημοσίευση: |
Denver, Colo. :
American Water Works Association,
c1982
|
| Σειρά: | Principles and practices of water supply operations ;
; 4 |
| Θέματα: | |
| Ετικέτες: |
Προσθήκη ετικέτας
Δεν υπάρχουν, Καταχωρήστε ετικέτα πρώτοι!
|
MARC
| LEADER | 00000nam a2200000 i 4500 | ||
|---|---|---|---|
| 001 | 1/79467 | ||
| 008 | 941010s1982 eng d | ||
| 020 | |a 0-89867-199-X | ||
| 035 | |l 10004815 | ||
| 040 | |a GR-MY-UA |b gre |e aacr | ||
| 041 | 0 | |a eng | |
| 082 | 0 | |a 628.161 | |
| 245 | 1 | 0 | |a Introduction to water quality analyses : |b a basic/intermediate course for water system operators |
| 260 | |a Denver, Colo. : |b American Water Works Association, |c c1982 | ||
| 300 | |a x, 155 p.; |b ill. (some col.); |c 24 cm | ||
| 490 | 1 | |a Principles and practices of water supply operations |v ; 4 | |
| 504 | |a Includes bibliographical references | ||
| 650 | 0 | 0 | |a Water |x Analysis. |
| 710 | 2 | |a American Water Works Association. | |
| 830 | 0 | |a Principles and practices of water supply operations ; |v ; 4 | |
| 852 | |a INST |b LESVOS |e 19941010 |h 628.161 INT |p 005100003568 |q 005100003568 |t BK |y 0 | ||
| 909 | |a Λ |b 006386 | ||